Human impact on self-recruiting populations: an international symposium Kongsvoll
Guardat en:
| Autor principal: | |
|---|---|
| Format: | Llibre |
| Idioma: | anglès |
| Publicat: |
Trondheim
Tapir
1993
|
| Matèries: | |
| Etiquetes: |
Afegir etiqueta
Sense etiquetes, Sigues el primer a etiquetar aquest registre!
|
MARC
| LEADER | 00000nam a2200000 a 4500 | ||
|---|---|---|---|
| 001 | UCY7783 | ||
| 003 | CL-VaPUC | ||
| 008 | 950622e19930000NO |||||||||||||||||eng|d | ||
| 082 | 0 | 4 | |a 577.015 |b SUN |2 21 |
| 100 | 0 | |a Sundnes, Gunnar |e author |9 338569 | |
| 245 | 1 | 0 | |a Human impact on self-recruiting populations: an international symposium Kongsvoll |
| 300 | |a 345 p | ||
| 942 | |c BK | ||
| 945 | |d 19950622 00:00:00 |a awong | ||
| 260 | |a Trondheim |b Tapir |c 1993 | ||
| 650 | 7 | |a EFECTOS BIOLOGICOS |2 CL-VaPUC |9 338570 | |
| 650 | 7 | |a EFECTOS DE LAS ACTIVIDADES HUMANAS |2 CL-VaPUC |9 338571 | |
| 650 | 7 | |a MEDIO AMBIENTE ACUATICO |2 CL-VaPUC |9 338572 | |
| 650 | 0 | |a Modelos matemáticos |9 259437 | |
| 650 | 0 | |a Ecología |9 258124 | |
| 650 | 7 | |a FLORA Y FAUNA SILVESTRE |2 CL-VaPUC |9 338573 | |
| 583 | |a last modification |c 19950622 00:00:00 |k Rodrigo Vera | ||
| 999 | |c 235098 |d 235096 | ||
| 952 | |0 0 |1 0 |2 ddc |4 0 |6 577_015000000000000_SUN_1993 |7 0 |8 CCM |9 242279 |a BIBCUR |b BIBCUR |c PAC |d 2019-11-18 |i 3093557 |o 577.015 SUN 1993 |p 3093557 |r 2025-04-22 |w 2019-11-18 |y BK |k CIM | ||